000 00668nam a2200241Ia 4500
003 OSt
005 20220926005812.0
006 a|||||r|||| 00| 0
007 ta
008 220923b |||||||| |||| 00| 0 eng d
037 _cGeneral Book
040 _aRTL
_cRTL
_beng
041 _2eng
_aeng
082 _aX72.2g, M8/RR
100 _aSinghania Vinod K
245 0 _aTaxmann,New law relating to deduction of tax at source advance text refunds
260 _a New Delhi
_bTaxmann
_c1988
300 _a454p
_ccm.
490 _v1988
650 _aTax
942 _hX72.2g, M8/RR
_cGB
_2CC
999 _c615288
_d615288